Koncepcia poskytovania zdravotnej starostlivosti v Slovenskej republike
Šesť reformných zákonov pripravených ministerstvom zdravotníctva, ktoré sú medzi sebou vzájomne prepojené a tvoria základný právny rámec koncepcie poskytovania zdravotnej starostlivosti. Zákon o zdravotnej starostlivosti. Zdroje financovania. Nárast úhrady od pacientov.
Gespeichert in:
| Format: | Buchkapitel |
|---|---|
| Sprache: | Slowakisch |
| Schlagworte: | |
| Tags: |
Keine Tags, Fügen Sie das erste Tag hinzu!
|
MARC
| LEADER | 00000naa$a2200000$$$4500 | ||
|---|---|---|---|
| 001 | 0007448 | ||
| 005 | 20231016083412.9 | ||
| 041 | 0 | |a slo | |
| 044 | |a SK | ||
| 245 | 1 | 0 | |a Koncepcia poskytovania zdravotnej starostlivosti v Slovenskej republike |
| 520 | |a Šesť reformných zákonov pripravených ministerstvom zdravotníctva, ktoré sú medzi sebou vzájomne prepojené a tvoria základný právny rámec koncepcie poskytovania zdravotnej starostlivosti. Zákon o zdravotnej starostlivosti. Zdroje financovania. Nárast úhrady od pacientov. | ||
| 610 | 2 | 0 | |a starostlivosť zdravotná |
| 610 | 2 | 0 | |a koncepcie |
| 610 | 2 | 0 | |a reformy |
| 610 | 2 | 0 | |a zákony |
| 610 | 2 | 0 | |a financovanie |
| 610 | 2 | 0 | |a Slovensko |